Nghệ thuật chơi dây
Giới thiệu khát quát về những thao tác trong nghệ thuật chơi dây, nguyên tắc biến hoá cơ bản của nghệ thuật chơi dây trí tuệ và các kĩ thuật tạo hình từ một sợi dây thành bông hoa ly, cái giếng, cá voi......
Guardado en:
| Formato: | Libro |
|---|---|
| Lenguaje: | Undetermined |
| Publicado: |
Hà Nội
Thời đại
2009
|
| Materias: | |
| Etiquetas: |
Agregar Etiqueta
Sin Etiquetas, Sea el primero en etiquetar este registro!
|
| Thư viện lưu trữ: | Trung tâm Học liệu Trường Đại học Cần Thơ |
|---|
| LEADER | 00843nam a2200193Ia 4500 | ||
|---|---|---|---|
| 001 | CTU_176119 | ||
| 008 | 210402s9999 xx 000 0 und d | ||
| 020 | |c 22000 | ||
| 082 | |a 793.7 | ||
| 082 | |b Ngh250 | ||
| 245 | 0 | |a Nghệ thuật chơi dây | |
| 245 | 0 | |c Hà Sơn biên soạn | |
| 260 | |a Hà Nội | ||
| 260 | |b Thời đại | ||
| 260 | |c 2009 | ||
| 520 | |a Giới thiệu khát quát về những thao tác trong nghệ thuật chơi dây, nguyên tắc biến hoá cơ bản của nghệ thuật chơi dây trí tuệ và các kĩ thuật tạo hình từ một sợi dây thành bông hoa ly, cái giếng, cá voi... | ||
| 650 | |a Toán học giải trí,Mathematical recreations | ||
| 904 | |i Hải | ||
| 980 | |a Trung tâm Học liệu Trường Đại học Cần Thơ | ||